000 01016nam a2200217Ia 4500
003 Ost
005 20260507075033.0
008 260507s9999||||xx |||||||||||||| ||und||
040 _cfsecg
041 _aara
082 _a330
100 _aحنفي، عبد الغفار
_eمؤلف
245 0 _aإدارة المصارف :
_bالسياسات المصرفية- تحليل القوائم المالية- الجوانب التنظمية- البنوك الإسلامية والتجارية /
_c عبد الغفار حنفي
260 _aالإسكندرية:
_bالدار الجامعية الجديدة,
_c2002
300 _a573 صفحة؛
_bإيضاحات ؛
_c24 سم
520 _aهيكل الجهاز المصرفي- السياسات المصرفية- تقييم الأداء المصرفي- الإتجاهات الحديثة في مجال الخدمات المصرفية
653 _aالإدارة المالية
653 _aالبنوك
653 _aالبنوك إسلامية
942 _cكتاب
999 _c42424
_d42424